History - Cross, Historiography, and Miscellaneous | 3 | 10 | 0 | 0 | 145 | 27 | 82.62 | 1 | 1 |
History - American | 3 | 7 | 0 | 0 | 115 | 14 | 81.20 | 1 | 3 |
History - European | 4 | 3 | 0 | 0 | 90 | 10 | 64.00 | 1 | 2 |
History - World | 1 | 5 | 0 | 0 | 65 | 48 | 96.00 | 0 | 0 |
Geography - World | 0 | 4 | 0 | 0 | 40 | 64 | 97.00 | 0 | 0 |
Literature - British | 0 | 4 | 0 | 0 | 40 | 82 | 95.50 | 0 | 1 |
Literature - American | 0 | 4 | 0 | 0 | 40 | 83 | 102.50 | 0 | 0 |
Fine Arts - Painting | 1 | 2 | 0 | 0 | 35 | 51 | 81.33 | 0 | 0 |
RMP - World Mythology | 1 | 2 | 0 | 0 | 35 | 41 | 84.67 | 1 | 1 |
Literature - World and Miscellaneous | 0 | 3 | 0 | 0 | 30 | 74 | 100.67 | 0 | 0 |
Current Events - U.S. | 1 | 1 | 0 | 0 | 25 | 51 | 66.50 | 0 | 1 |
Literature - European | 0 | 2 | 0 | 0 | 20 | 93 | 111.50 | 0 | 0 |
RMP - Islam | 0 | 2 | 0 | 0 | 20 | 69 | 79.50 | 0 | 0 |
Geography - United States | 1 | 0 | 0 | 0 | 15 | 29 | 29.00 | 1 | 1 |
Fine Arts - Photography | 1 | 0 | 0 | 0 | 15 | 56 | 56.00 | 0 | 0 |
RMP - Christian Practice | 1 | 0 | 0 | 0 | 15 | 68 | 68.00 | 0 | 1 |
Social Science - Linguistics | 1 | 0 | 0 | 0 | 15 | 28 | 28.00 | 0 | 0 |
RMP - Philosophy | 1 | 0 | 0 | 0 | 15 | 40 | 40.00 | 0 | 0 |
Current Events - World | 1 | 0 | 0 | 0 | 15 | 52 | 52.00 | 0 | 1 |
Geography - Europe | 1 | 0 | 0 | 0 | 15 | 37 | 37.00 | 0 | 0 |
RMP - Jewish Practice | 0 | 1 | 0 | 0 | 10 | 82 | 82.00 | 0 | 0 |
Social Science - Economics | 0 | 1 | 0 | 0 | 10 | 79 | 79.00 | 0 | 1 |
Fine Arts - Architecture | 0 | 1 | 0 | 0 | 10 | 116 | 116.00 | 0 | 0 |
Other - Other Academic and General Knowledge | 0 | 1 | 0 | 0 | 10 | 107 | 107.00 | 0 | 0 |
Science - Physics | 0 | 1 | 0 | 0 | 10 | 63 | 63.00 | 0 | 0 |
Science - Computer Science | 0 | 0 | 0 | 0 | 0 | | 0.00 | 0 | 0 |
Science - Engineering and Miscellaneous | 0 | 0 | 0 | 0 | 0 | | 0.00 | 0 | 0 |
Science - Math | 0 | 0 | 0 | 0 | 0 | | 0.00 | 0 | 0 |